Пътешествие през столиците в Европа - Statistics

General Stats
  • This quiz has been taken 48 times
  • The average score is 23 of 44
Answer Stats
Capital City % Correct
Дъблин
100%
Лондон
100%
Брюксел
83%
Амстердам
83%
Париж
77%
Люксембург
71%
Берн
69%
Вадуц
66%
Любляна
57%
Виена
57%
Будапеща
57%
Белград
57%
Тирана
57%
Скопие
57%
София
57%
Букурещ
57%
Минск
57%
Осло
57%
Копенхаген
57%
Братислава
54%
Сараево
54%
Подгорица
54%
Прищина
54%
Кишинев
54%
Киев
54%
Вилнюс
54%
Рига
54%
Талин
54%
Хелзинки
54%
Стокхолм
54%
Загреб
51%
Берлин
51%
Прага
51%
Варшава
51%
Москва
37%
Атина
29%
Рим
26%
Валета
23%
Мадрид
23%
Лисабон
23%
Ватикана
20%
Сан Марино
20%
Монако
20%
Андора Ла Веля
20%
No matching quizzes found
Score Distribution
Percent of People with Each Score
Percentile by Number Answered
Your Score History
You have not taken this quiz